The witness revelation

Bibliographic Details
Main Author: Brondov, Slavik (Author)
Format: Book
Language:English
PhysicalDescription:31strán 21 cm
Published: Nitra [Garmond] 2025
ISBN:9788082660862
Edition:First edition
Subjects:

MARC

LEADER 00000cam a2200000 4500
001 vtls012288450
003 SK-MaSNL
005 20260301193102.0
008 251203s2025 xo g 000 1 eng
015 |a SNBA2026/02 
020 |a 9788082660862  |q (viazané) 
040 |a SNK  |b slo  |c SNK  |e rda 
041 0 |a eng 
044 |a xo  |c SK 
072 7 |a 821.162.4-3  |x Slovenská próza  |2 konspekt 
080 |a 821.162.4-3  |2 2011 
080 |a (0:82-322.2)  |2 2011 
100 1 |a Brondov, Slavik  |4 aut  |9 572129 
245 1 4 |a The witness  |b revelation  |c Slavik Brondov 
250 |a First edition 
264 1 |a Nitra  |b [Garmond]  |c 2025 
300 |a 31strán  |c 21 cm 
336 |a text  |b txt  |2 rdacontent 
337 |a bez média  |b n  |2 rdamedia 
338 |a zväzok  |b nc  |2 rdacarrier 
500 |a Vydavateľ podľa NA ISBN 
655 7 |a slovenské prózy  |2 SNKPH  |9 70229 
655 7 |a Slovak prose  |2 SNKPHeng  |9 278617 
655 7 |a náboženské prózy  |2 SNKPH  |9 79486 
655 7 |a Religious prose  |2 SNKPHeng  |9 302490 
852 |a Slovenská národná knižnica 
919 |a 978-80-8266-086-2 
954 |a beletria pôvodná (slovenská)  |2 lita 
958 |a LX 
958 |a NT 
999 |c 875968  |d 877898 
952 |a SNK  |b SNK  |y PREZ  |7 0  |p 17A1582898  |o snkSC 212744  |i snk2025/19716  |8 0  |0 0  |1 0  |4 0  |d 2025-12-03  |l 0  |r 2026-02-24 05:57:36  |w 2026-02-24